|
|
|
|
| LEADER |
02016nam a2200553 i 4500 |
| 001 |
nkc20233510492 |
| 003 |
CZ PrNK |
| 005 |
20231005090412.0 |
| 007 |
ta |
| 008 |
230404s2022 xr f 001 0 cze |
| 015 |
|
|
|a cnb003510492
|
| 020 |
|
|
|a 978-80-87054-76-5
|q (brožováno)
|
| 035 |
|
|
|a (OCoLC)1408816070
|
| 040 |
|
|
|a OLA001
|b cze
|e rda
|
| 041 |
1 |
|
|a cze
|h eng
|
| 072 |
|
7 |
|a 321
|x Politologie
|2 Konspekt
|9 15
|
| 080 |
|
|
|a 14(=411.16)
|2 MRF
|
| 080 |
|
|
|a 1:32
|2 MRF
|
| 080 |
|
|
|a 323.28
|2 MRF
|
| 080 |
|
|
|a (0:82-4)
|2 MRF
|
| 100 |
1 |
|
|a Strauss, Leo,
|d 1899-1973
|7 jn20010525427
|4 aut
|
| 240 |
1 |
0 |
|a Persecution and the art of writing.
|l Česky
|
| 245 |
1 |
0 |
|a Perzekuce a umění psát /
|c Leo Strauss ; z anglického originálu ... Persecution and the art of writing ... přeložil Tomáš Suchomel
|
| 250 |
|
|
|a Vydání první
|
| 264 |
|
1 |
|a V Praze :
|b Herrmann & synové,
|c 2022
|
| 300 |
|
|
|a 235 stran ;
|c 21 cm
|
| 336 |
|
|
|a text
|b txt
|2 rdacontent
|
| 337 |
|
|
|a bez média
|b n
|2 rdamedia
|
| 338 |
|
|
|a svazek
|b nc
|2 rdacarrier
|
| 490 |
1 |
|
|a Apoikia. Vesper
|
| 504 |
|
|
|a Obsahuje bibliografické odkazy a rejstřík
|
| 600 |
0 |
7 |
|a Maimonides,
|d 1135-1204
|7 jn19981001803
|2 czenas
|
| 600 |
0 |
7 |
|a Jehuda ben Šmuel ha-Levi,
|d asi 1075-1141
|7 zmp2012706234
|2 czenas
|
| 600 |
1 |
7 |
|a Spinoza, Benedictus de,
|d 1632-1677
|7 jn19981002153
|2 czenas
|
| 650 |
0 |
7 |
|a židovská filozofie
|7 ph127987
|2 czenas
|
| 650 |
0 |
7 |
|a filozofie a politika
|7 ph170437
|2 czenas
|
| 650 |
0 |
7 |
|a politická perzekuce
|7 ph124236
|2 czenas
|
| 650 |
0 |
9 |
|a Jewish philosophy
|2 eczenas
|
| 650 |
0 |
9 |
|a philosophy and politics
|2 eczenas
|
| 650 |
0 |
9 |
|a political persecution
|2 eczenas
|
| 655 |
|
7 |
|a eseje
|7 fd132213
|2 czenas
|
| 655 |
|
9 |
|a essays
|2 eczenas
|
| 700 |
1 |
|
|a Suchomel, Tomáš,
|d 1970-
|7 jn20010309481
|4 trl
|
| 830 |
|
0 |
|a Apoikia.
|p Vesper
|0 s
|
| 910 |
2 |
|
|a BOA001
|b 2-1513.417
|
| 990 |
|
|
|a BK
|
| 995 |
|
|
|a 01
|
| 991 |
|
|
|b 202309
|c NOV
|
| 996 |
6 |
|
|b 2610947716
|c 2-1513.417
|l MZK
|r Sklad / do 1 hodiny
|n 2
|p p.v.
|w 001937706
|u 000010
|a 1
|e BOA001
|j MZK50
|s P
|